LEADER 01150nam0 2200265 450 001 000023292 005 20090219141141.0 100 $a20090219d1995----km-y0itay50------ba 101 0 $aeng 105 $aa-------101yy 200 1 $aProceedings of the ION GPS-95$e8th International Technical meeting of the Satellite Division of the Institute of Navigation$eSept. 12-15, 1995, Palm Springs Convention Center, Palm Springs, California 210 $aAlexandria$cInstitute of Navigation$d1995 215 $a2 v.$cill.$d28 cm 500 10$aProceedings of the ION GPS-95$946416 517 1 $aION GPS-95 610 1 $aGeodesia astronomica 676 $a526.6$v20$9Astronomia geodetica e posizionale 710 12$aInternational Technical meeting of the Satellite Division of the Institute of Navigation$d<8. ;$f1995 ;$ePalm Springs, California>$0633086 712 02$aInstitute of Navigation :$bSatellite Division 801 0$aIT$bUNIPARTHENOPE$c200900218$gRICA$2UNIMARC 912 $a000023292 951 $aS 526.6/41$bS C, 745$cDSA$d2009 951 $aS 526.6/42$bS C, 746$cDSA$d2009 996 $aProceedings of the ION GPS-95$946416 997 $aUNIPARTHENOPE